000 00749cam a22002651 4500
001 18297
003 BD-RjUL
005 20211209000251.0
008 140220r19681959nyu 000 1 eng d
035 _a(BD-RjUL)18355
035 _a(OCoLC)1444974
040 _aDLC
_cFO
_dOCoLC
_dDLC
_dBD-RjUL
_beng
041 _aeng
082 0 0 _a823.9
_bHEU 1968
100 1 _aHeyer, Georgette,
_d1902-1974.
_956328
245 1 4 _aThe unknown Ajax /
_c Georgette, Heyer,
250 _aUniforme Edition
260 _aNew York :
_bPutnam,
_cc1959 [Uniforme Ed. 1968]
300 _a313 p. ;
_c22 cm.
650 0 _aFiction
_956329
655 7 _aRegency fiction.
_2gsafd
_956330
942 _2ddc
_cBK
999 _c18297
_d18297